Winzip for Beginners

Αποθηκεύτηκε σε:
Λεπτομέρειες βιβλιογραφικής εγγραφής
Κύριος συγγραφέας: Howard, Brian
Μορφή: Βιβλίο
Γλώσσα:Greek
Δημοσίευση: Grand Rapids : Abacus, c1998
Σειρά:Beginners series
Θέματα:
Ετικέτες: Προσθήκη ετικέτας
Δεν υπάρχουν, Καταχωρήστε ετικέτα πρώτοι!

MARC

LEADER 00000nam a2200000 i 4500
001 1/99186
008 000127s1998 gre d
020 |a 1-55755-339-4 
035 |l 10056787 
040 |a GR-MY-UA  |b gre  |e aacr 
041 0 |a gre 
082 0 |a 005.746 
100 1 |a Howard, Brian. 
245 1 0 |a Winzip for Beginners /  |c Brian Howard 
260 |a Grand Rapids :   |b Abacus,   |c c1998 
300 |a vii, 149 p.;  |c 23 cm.+  |e 1 laser optical disc 4 3/4 in. 
490 1 |a Beginners series 
504 |a Includes index 
630 0 0 |a Winzip. 
650 0 0 |a Data compression (Computer science) 
830 0 |a Beginners series 
852 |a INST  |b SAMOS  |e 20000127  |h 005.746 HOW  |p 005300015823  |q 005300015823  |t BK  |y 0 
852 |a INST  |b SAMOS  |e 20000731  |h 005.746 HOW   |p 005300019130  |q 005300019130  |t BK  |y 0 
901 |a BIBL3-2000-2 
909 |a Σ  |b 071675 
909 |a Σ  |b 071676 
922 |a 3ΕΛΗ  |b 199912  |c ΤΠΕΣ  |d ΠΑΠΑΣΩΤΗΡΙΟΥ 
950 |a 133-1999-07-20 
970 |z 2000/06/ΠΑΝΤΖΑΛΗ